000 00460nam a2200169 a 4500
005 20140310183204.0
008 030124s19uu xx 00 eng d
020 _a076714005990
050 _aPN 1992.77
_b.Sh533 1996
100 _aShatner, William
245 _aStar trek :
_bthe ashes of Eden /
_cWilliam Shatner.
260 _aUSA :
_bParamount Pictures,
_c1996.
300 _a309 p. :
_c18 cm.
650 _aFiction
942 _cBK
_2lcc
999 _c19929
_d19929